| 000 | 00667nam a22001337a 4500 | ||
|---|---|---|---|
| 008 | 170717b xxu||||| |||| 00| 0 eng d | ||
| 020 | _a998843640 | ||
| 050 | _aHD9502. G492 E64 | ||
| 245 | _aEnergy for poverty reduction action plan for Ghana: A targeted approach to delivery of modern energy services to the poor. / | ||
| 260 |
_aGhana: _bMinistry of Energy, _c2006. |
||
| 300 |
_axx, 131p.: _bill, _c30 cm. |
||
| 505 | _aContents: Introduction -- Conceptual framework -- Overview of the energy sector in Ghana -- The energy-poverty nexus in Ghana -- Strategies for reducing poverty in Ghana -- The plan of action -- Conclusions and recommendations. | ||
| 942 |
_2lcc _cBK |
||
| 999 |
_c6402 _d13902 |
||